| 000 | 00740cam a2200241 i 4500 | ||
|---|---|---|---|
| 001 | 1321915 | ||
| 008 | 790702s1979 nyu b 001 0 eng | ||
| 010 | _a 78065894 | ||
| 020 |
_a0809121743 : _c$3.95 |
||
| 040 |
_aDLC _cCUZ _dDLC _beng _erda |
||
| 050 | 0 | 0 |
_aBS2601 _bBRO |
| 100 | 1 |
_aBrown, Raymond E. _q(Raymond Edward), _d1928-1998. |
|
| 245 | 1 | 4 |
_aThe community of the Beloved Disciple / _cRaymond E. Brown. |
| 264 |
_aNew York : _bPaulist Press, _cc1979. |
||
| 300 |
_a204 pages. ; _c21 cm. |
||
| 336 |
_atext _btxt |
||
| 337 |
_aunmediated _bn |
||
| 338 | _2rdacarrier | ||
| 600 | 0 | 0 | _aBeloved Disciple. |
| 650 | 0 | _aChurch | |
| 942 | _cOS | ||
| 999 |
_c44929 _d44929 |
||